000 00743nam a2200217Ia 4500
003 GCL
005 20240530104202.0
008 140319s9999 xx 000 0 ara d
040 _aGCL /
_cGCL
082 0 4 _a294/
_bأ م
100 0 _aاحمد شلبى
245 1 0 _aمقارنة الاديان :
_bاديان الهند الكبرى : الهندوسية - الجينسية - البوذية /
_cتأليف احمد شلبى
260 _aالقاهرة :
_bالنهضه المصرية ،
_c1990
300 _a228 ص. ؛
_c24 سم.
490 1 _aمقارنة الاديان
_v4
650 0 4 _aالديانات الهندية
650 0 4 _aالبوذية
650 0 4 _aالهندوسية
650 0 4 _aالجينسية
942 _2ddc
_cBK
999 _c45317
_d45317